00770nam a2200217 a 4500001001000000003000500010005001700015008004100032010001100073011001100084040000900095100003100104245010000135260004100235500006000276502007700336650001900413650003000432650002000462856007000482000110895CHAP20220329144150.0141020s2014 mx fsm |||||||spa d a107357 a108329 cCHAP1 aGarcía Munguía, Otilio10aAlgunos fundamentos del pensamiento estadísticoh[En línea]cpor Otilio García Munguía. aChapingo, Méx. :bEl autor,c2014. aPara ver el contenido del material haga clic en la liga aTesis (Lic. en Estadística) -- UACH. División de Ciencias Forestales14aEstadística.14aInferencia estadística.14aProbabilidades. aFinding aiduhttp://10.13.5.2/tesis/sist110895.pdfzTeclea aquí